Random Country Superlatives - Statistics

General Stats
  • This quiz has been taken 544 times
  • The average score is 8 of 20
Answer Stats
Superlative Data Answer % Correct
Northernmost capital city Reykjavík, 64°08' N Iceland
97%
Most lemurs c. 2.400 Madagascar
96%
Largest in population 1,403,500,365 people China
93%
Most guessed on JetPunk's "Countries of the World" quiz 97% United States
93%
Biggest north-south span 4,270 km Chile
92%
Biggest folk festival Oktoberfest, 5.6 million visitors Germany
88%
Westernmost country on the African mainland Cap Vert, 17°31 W Senegal
88%
Northernmost African country 37° 21′ N Tunisia
88%
Largest landlocked country 2,724,900 km2 Kazakhstan
87%
Most Spanish speakers 113 million speakers Mexico
87%
Highest building Burj Khalifa, 828 m United Arab Emirates
87%
Longest coastline 243,792 km Canada
86%
Largest Muslim population 227 million people Indonesia
86%
Last country alphabetically letter Z Zimbabwe
86%
Largest oil exporter 8.3 mil barrels per day Saudi Arabia
85%
Northernmost point 83°06'N Canada
84%
Only country to have a non-rectangular flag -- Nepal
84%
Most ethnic Māori people 734,200 New Zealand
84%
Smallest by area 0,44 km2 Vatican City
84%
Largest exporter $2.25 trillion China
83%
Most Jewish people 6,336,400 Jews Israel
83%
Biggest in area 17,098,246 km2 Russia
83%
Most recent to lose territory to another country March 2014 Ukraine
83%
Smallest by population c. 800 Vatican City
83%
Oldest democracy 508 BC Greece
82%
Most FIFA World Cup titles 5 Brazil
81%
Fastest 100m sprinter Usain Bolt, 9,58 sec Jamaica
81%
Most UEFA Champions League wins 18 titles Spain
79%
Longest uninterrupted neutral country since 1815 Switzerland
79%
City with the most foreign embassies Brussels, 183 embassies Belgium
78%
Most Winter Olympic medals 368 Norway
78%
Most satisfied with life 273.4 (Satisfaction with Life Index) Denmark
77%
Most movies 1907 / year India
77%
Most sparsely populated nation 1.9 people per km2 Mongolia
76%
Best-paid tennis player Novak Djokovic, $125,772,589 Serbia
76%
Most active piracy 4,185 seafarers kidnapped in 2010 Somalia
76%
First country alphabetically -- Afghanistan
74%
Most Christians in Asia 86,500,000 Philippines
74%
Most World Heritage Sites 54 Italy
73%
Most active troops per population 48 per 1,000 people North Korea
73%
Biggest city-state 5,638,700 Singapore
73%
Most punctual airline airBaltic, 90.01% Latvia
72%
Largest rainforest cover 4.7 mil km2, 1.6 mil sq mi Brazil
71%
Oldest city in the New World Santo Domingo, 1496 A.D. Dominican Republic
71%
Receiving the most tourists 82.6 million visitors France
71%
Largest wine producer 4,796,900 tonnes Italy
71%
Most languages 840 Papua New Guinea
71%
Oldest larger human settlement Çatalhöyük, 7,500 BC Turkey
71%
Oldest evidence for modern humans c. 300,000 years ago Ethiopia
70%
Suffering the most deaths due to ISIS at least 2,199 casualties Iraq
70%
Most billionaires per capita 106.5 per mil Monaco
70%
Longest road tunnel Lærdalstunnelen, 24.5 km (15.2 mi) Norway
70%
Tallest people (male) 1.83 m (6 ft 1/2 in) Netherlands
69%
Most Portuguese speakers in Africa 29,310,273 Angola
67%
Smallest to have a New7Wonder Petra Jordan
67%
Last dodo 1662 Mauritius
67%
Most guns per capita 120.5 guns per 100 people United States
67%
First to hold the FIFA World Cup 1930 Uruguay
67%
Largest delta on Earth Ganges Delta Bangladesh
66%
Most recent to join the European Union 2013 Croatia
66%
Biggest in the Caribbean 109,886 km2 Cuba
66%
Most successful in alpine skiing 28 years in a row Austria
65%
First successful slave uprising 1791 - 1804 Haiti
65%
Most Marathoners under 2:10 hours 436 Kenya
65%
Highest rate of obesity 61 % Nauru
65%
Longest unconquered nation since 1066 United Kingdom
65%
Most successful YouTuber PewDiePie, 75.6 million subscribers Sweden
64%
Highest average elevation 3,280 m Bhutan
63%
Happiest country on Earth 7.632 out of 10 (World Happiness Report) Finland
63%
Biggest oil production per capita 261.7 barrels / person Kuwait
63%
Best nation at the World Taekwondo Games 171 gold medals out of 328 competitions South Korea
63%
Africa's first and oldest republic 1847 Liberia
62%
First to allow women to vote 1893 New Zealand
62%
Youngest 2011 South Sudan
61%
Youngest median age (overall) 15.4 years Niger
60%
Most pyramids 220 Sudan
60%
Most powerful earthquake 1960 Valdivia earthquake, magnitude 9.5 Chile
59%
Highest number of warheads 6,500 in total Russia
59%
Largest cave Sơn Đoòng, 150,000,000m3 Vietnam
59%
Most Cows 282 million cows India
57%
Biggest doubly landlocked country 448,978 km2 Uzbekistan
56%
Won the most Baseball World Cups 25 gold medals Cuba
55%
Highest beer consumption 143.3 litres per capita/year Czech Republic
55%
Most tourists per capita in Africa 1,933 per 1,000 people Seychelles
54%
Highest proficiency in English as a second language 71.53 (EF Index) Netherlands
53%
Youngest Nobel Prize winner in history Malala Yousafzai (17 years) Pakistan
53%
Largest waterfall Victoria Falls, 1088m3/s Zambia or Zimbabwe
51%
Highest percentage of Buddhists 96.9% Cambodia
50%
Most Eurovision Song Contest wins 7 Ireland
50%
Longest uninterrupted democracy uninterrupted since 1688 United Kingdom
49%
First human born in Antarctica Emilio Palma, 1978 Argentina
48%
Most murders 83 per 100,000 people El Salvador
48%
Oldest same defined state border Unchanged since 1139 Portugal
47%
First New World country reached by Columbus 21 October 1492 Bahamas
46%
Lowest average elevation 1.8 m Maldives
46%
Biggest absolute monarchy 33 million people Saudi Arabia
46%
First to lose its seat in the United Nations 1971 Taiwan
46%
Most international beauty pageant winners 23 titles Venezuela
46%
First to adopt online voting 2005 Estonia
45%
Most official languages 37 languages Bolivia
44%
Least corrupt nation in Africa 61 points out of 100 (Corruption Index) Botswana
44%
Highest HIV/AIDS prevalence rate 27.2% out of all adults Eswatini
44%
One-word country with the highest score in Scrabble 34 points Mozambique
44%
Largest stadium 114,000 spectators North Korea
44%
Only country to contain - LOVE P.S. even their capital means "the loved one" Slovenia
44%
Driest nation worldwide 51 mm / year Egypt
43%
Receiving the least tourists 2,400 visitors Tuvalu
43%
Highest mountain outside Asia Aconcagua, 6,961m (22,837 ft) Argentina
42%
First to adopt Christianity as a state religion 301 A.D. Armenia
42%
Only country to lie in all four hemispheres -- Kiribati
42%
First female head of state (non-royal) Sirimavo Bandaranaike Sri Lanka
42%
Most recent to change name April 2018 Eswatini
40%
Youngest median age (Americas) 22.1 years Guatemala
40%
Strongest passport 190 countries without visa Japan
40%
Fastest Wi-Fi 33.5 megabits per second South Korea
39%
First to be known as a "banana republic" O. Henry, 1901 Honduras
38%
Biggest percentage of Druze people 8% Lebanon
38%
Closest capital to the Date Line c. 75 km Samoa
38%
Richest African country per capita $34,865 (IMF) Equatorial Guinea
37%
Longest JetPunk name 29 letters Saint Vincent and the Grenadines
36%
Biggest country to have a state religion 2,381,741km2 Algeria
35%
Most famous blue hole Great Blue Hole Belize
35%
Highest average yearly precipitation 3240 mm Colombia
35%
Highest low point 1400 m Lesotho
35%
Largest vanilla producer 3,500 tonnes Madagascar
35%
Last to abolish slavery 1981 Mauritania
35%
Most free-living cheetahs ~ 3000 animals Namibia
35%
First ever heart transplant 1967 South Africa
34%
Most heavily bombed 2 million of tons Laos
33%
Most train rides per capita 2,431 km on train every year Switzerland
33%
Most densely construcion of bunkers 5.7 bunkers / sq km Albania
32%
Driest island nation 83 mm / year Bahrain
32%
Closest to 0°N 0°E 570 km Ghana
32%
Most Nobel laureates per capita 10.8 per million Saint Lucia
32%
Lowest fertility rate 0.84 children per woman Singapore
32%
Largest apricot producer 795,768 tonnes Turkey
32%
Highest % of population undernourished 75% D.R. Congo
31%
Youngest median age (Europe) 29.1 years Kosovo
31%
Oldest continuously used flag since 1625 Denmark
30%
Last to gain independence from the US 1994, Trust Territory Palau
30%
Highest inflation rate 1,087.51% Venezuela
30%
Lowest gender equality 0.516 out of 1 Yemen
29%
Latest to name its highest peak after a U.S. president Mount Obama, 2009 Antigua and Barbuda
28%
Highest percentage of internet users 98.24% Iceland
28%
Least prisoners 10 Liechtenstein
28%
Largest ship registry 222 GRT Panama
28%
Least guessed on JetPunk's "Countries of the World " quiz 20% São Tomé and Príncipe
28%
Site of the shortest war in history 38 minutes Tanzania
28%
Lowest state fragility 16.9 out of 120 (Fragile Index) Finland
27%
First major WWII battle against Japan Guadalcanal Campaign, 1942 - 1943 Solomon Islands
26%
Highest victory in an international football match 31-0 Australia
25%
First to produce wine c. 6000 BC Georgia
25%
Most mormons (in %) 60.88% Tonga
25%
Most females in parliament c. 64% Rwanda
24%
Deepest European canyon Tara River Canyon, 1300 m Montenegro
23%
Largest castle Malbork, 143,591 sq m Poland
23%
Longest place name 176 letters Thailand
23%
Highest state fragility 113.5 out of 120 Yemen
23%
Only country to have a different back side on its flag -- Paraguay
22%
Heaviest building Palace of the Parliament, 4,517,822 tons Romania
22%
Freest press in Africa Rank 48 (Freedom of the Press Report) Cape Verde
21%
Highest average temperature 28.25°C Mali or Burkina Faso
21%
Highest pure alcohol consumption 16.8 liters per capita/year Moldova
21%
Most camels 7,000,000 Somalia
21%
Longest non-polar glacier Fedchenko Glacier (77 km) Tajikistan
21%
Smallest number of immigrants 141 Tuvalu
21%
Biggest African producer of aluminium oxide 555,000 tons Guinea
20%
Smallest megadiverse country 51,100 km2 Costa Rica
19%
Largest amount of stone money at least 6,000 stones F.S. of Micronesia
19%
Deadliest European tornado Grand Harbour tornado, 1556 Malta
19%
Lowest life expectancy 50.6 years (CIA) Chad
18%
Most gorillas 80% of the Gorilla population Gabon
18%
First to officially recognize the United States December 20, 1777 Morocco
18%
Greatest pollution per capita 44 metric tons per capita Qatar
18%
Longest-ruling president Paul Biya, since 1975 Cameroon
17%
Lowest inequality-adjusted HDI 0.212 Central African Republic
17%
Biggest banana exporter US$3 billion Ecuador
17%
Most Kabiyé speakers c. 700,000 Togo
17%
Smallest to have land on the antimeridian 18,274 km2 Fiji
16%
Biggest walnut forest Arslanbob, 150,000 acres Kyrgyzstan
16%
Most expensive ruby Sunrise Ruby, 30.42 mil $ Myanmar
16%
Lowest natural increase rate (2015-2020) -6.0% of the population Bulgaria
15%
Highest percentage of forests 90.20% Suriname
15%
Largest uranium reserves 1,673,000 tons Australia
14%
Produces the biggest dump truck BelAZ-75710, 360,000 kg Belarus
14%
First underwater sculpture park Molinere sculpture park Grenada
14%
Most castles and châteaux per capita 11.1 per 100,000 people Slovakia
14%
Largest roundabout 3.5 km in diameter Malaysia
13%
Most Ibadis 2.47 mil Oman
13%
First to accept Voodoo as an official religion 1996 Benin
12%
Largest single drop waterfall Kaieteur, 660m3/s Guyana
12%
Most external debt per capita $6,968,000 Luxembourg
12%
Most vehicles per capita 1,263 per 1,000 people San Marino
12%
Most exports per capita $122,193 per person Liechtenstein
11%
Only place to have freshwater sharks -- Nicaragua
11%
Highest natural increase rate (2015-2020) +32.9% of the population Uganda
11%
Most mud volcanoes nearly 400 Azerbaijan
10%
Least reliant on tourism 0.66% of GDP D.R. Congo
10%
Lowest percentage of internet users 1.18% Eritrea
10%
Earliest abolition of life imprisonment 1884 Portugal
10%
Most Christian UN member 99.1% East Timor
8%
First foreign trip by George Washington 1751 Barbados
7%
One-word capital with the highest score in Scrabble 34 points Republic of the Congo
7%
Biggest indoor Ferris wheel Arem, 57 m in diameter Turkmenistan
7%
Highest spending on education 14.6% of GDP Marshall Islands
5%
Smallest cigarette consumption per capita 9.7 cigarettes Brunei
4%
Unhappiest country on Earth 2.905 out of 10 (2018 World Happiness Report) Burundi
4%
Only English Royal Wedding outside the UK Richard I; May 12, 1191 Cyprus
4%
Least soldiers per capita 0.4 per 1,000 people Gambia
4%
First to have its own aroma wild flowers, ginger, raspberry, sandalwood and musk Lithuania
4%
Least carbon dioxide emissions per capita 0.5 t Nigeria
4%
Biggest population living below national poverty line 82.5% of all citizens (CIA) Syria
4%
Highest cigarette consumption per capita 6398.3 cigarettes per capita per year Andorra
3%
First to have full-time electric trams 1885 Bosnia and Herzegovina
3%
Biggest cocoa consumption 33% of the world's supply Côte d'Ivoire
3%
Biggest cashew nut production per capita 97 tons per person Guinea-Bissau
3%
Highest VAT rates (standard rate) 27% Hungary
3%
First all-broadband wireless country 2006 Macedonia
3%
First Carlsberg brewery outside Denmark 1968 Malawi
3%
Largest natural deposit of asphalt Pitch Lake, 10 million t Trinidad and Tobago
3%
Highest emigration percentage 49.11% living outside their country of birth Dominica
2%
Most paid vacation days 53 Iran
2%
Most dangerous to drive 73.4 accidents per 100,000 people Libya
2%
Highest amount of cultivated land 76.3% Comoros
0%
Most women in relation to each man 1.16 women per man Djibouti
0%
Least importance of exports 2.3% of GDP East Timor
0%
Largest exporter of asparagus 117,000 metric tons Peru
0%
Highest home ownership rate 96.4% Romania
0%
Least renewable water resources 0.02 km3 Saint Kitts and Nevis
0%
Highest maternal mortality rate 1,360 per 100,000 births Sierra Leone
0%
Highest natural disaster risk 36.28% Vanuatu
0%
No matching quizzes found
Score Distribution
Percent of People with Each Score
Percentile by Number Answered
Your Score History
You have not taken this quiz